Catálogo público

Módulo de doble propósito La Doña con ganado Suizo pardo, Suizo pardo x Cebú, Holstein x Cebú y simental x Cebú, en pastoreo rotacional: 2a. demostración / (Record no. 164493)

MARC details
000 -CABECERA
campo de control de longitud fija 01101nam a2200325Ia 4500
001 - NÚMERO DE CONTROL
campo de control Z_1404
003 - IDENTIFICADOR DEL NÚMERO DE CONTROL
campo de control CHAP
008 - DATOS DE LONGITUD FIJA--INFORMACIÓN GENERAL
campo de control de longitud fija 220113s1986 xx 000 0 und d
010 ## - NÚMERO DE CONTROL DE LA BIBLIOTECA DEL CONGRESO
Número de control de LC 164493
040 ## - FUENTE DE LA CATALOGACIÓN
Centro/agencia transcriptor CHAP
090 ## - LOCALMENTE ASIGNADO TIPO-LC NÚMERO DE CLASIFICACIÓN (OCLC); NÚMERO DE CLASIFICACIÓN LOCAL (RLIN)
Número de clasificación (OCLC) (R) ; Numero de clasificación, CALL (RLIN) (NR) Folleto 271
100 ## - ENTRADA PRINCIPAL--NOMBRE DE PERSONA
Nombre de persona Instituto Nacional de Investigaciones Forestales y Agropecuarias. México. Campo Experimental Pecuario Las Margaritas
9 (RLIN) 138586
245 ## - MENCIÓN DE TÍTULO
Título Módulo de doble propósito La Doña con ganado Suizo pardo, Suizo pardo x Cebú, Holstein x Cebú y simental x Cebú, en pastoreo rotacional: 2a. demostración /
Mención de responsabilidad, etc. por INIFAP. Campo Experimental Pecuario Las Margaritas
260 ## - PUBLICACIÓN, DISTRIBUCIÓN, ETC.
Lugar de publicación, distribución, etc. Hueytamalco, Pue. :
Nombre del editor, distribuidor, etc. El Instituto,
Fecha de publicación, distribución, etc. 1986
300 ## - DESCRIPCIÓN FÍSICA
Extensión 75 p. :
Otras características físicas ilus.
440 ## - MENCIÓN DE SERIE/PUNTO DE ACCESO ADICIONAL--TÍTULO
Título
500 ## - NOTA GENERAL
Nota general
503 ## - NOTA DE HISTORIA BIBLIOGRÁFICA (BK CF MU) [OBSOLETO]
Nota de historia bibliográfica
650 #7 - PUNTO DE ACCESO ADICIONAL DE MATERIA--TÉRMINO DE MATERIA
Término de materia o nombre geográfico como elemento de entrada Ganado cebú
Subdivisión general Puebla
Fuente del encabezamiento o término
9 (RLIN) 45061
650 ## - PUNTO DE ACCESO ADICIONAL DE MATERIA--TÉRMINO DE MATERIA
Término de materia o nombre geográfico como elemento de entrada Ganado de carne
Subdivisión general Puebla
9 (RLIN) 45106
650 ## - PUNTO DE ACCESO ADICIONAL DE MATERIA--TÉRMINO DE MATERIA
Término de materia o nombre geográfico como elemento de entrada Ganado Holstein
Subdivisión general Puebla
9 (RLIN) 45143
650 ## - PUNTO DE ACCESO ADICIONAL DE MATERIA--TÉRMINO DE MATERIA
Término de materia o nombre geográfico como elemento de entrada Ganado Pardo suizo
Subdivisión general Puebla
9 (RLIN) 45323
650 ## - PUNTO DE ACCESO ADICIONAL DE MATERIA--TÉRMINO DE MATERIA
Término de materia o nombre geográfico como elemento de entrada Ganado
Subdivisión general Pastoreo I.t.
9 (RLIN) 137342
901 ## - ELEMENTOS DE DATOS A LOCAL LDA (RLIN)
a Folleto 271
902 ## - ELEMENTOS DE DATOS B LOCAL, LDB (RLIN)
a A
910 ## - DATOS DE OPCIÓN DEL USUARIO (OCLC)
Datos de opción del usuario 1986
942 ## - ELEMENTOS DE PUNTO DE ACCESO ADICIONAL (KOHA)
Tipo de ítem Koha
942 ## - ELEMENTOS DE PUNTO DE ACCESO ADICIONAL (KOHA)
Tipo de ítem Koha
Holdings
Estado de retiro Estado de pérdida Estado dañado No para préstamo Código de colección Localización permanente Ubicación/localización actual Ubicación en estantería Fecha de adquisición Información codificada de la localización en otra ubicación Total de préstamos Código de barras Fecha visto por última vez Número de copia Precio válido a partir de Tipo de ítem Koha Nota pública Fecha del último préstamo
        Folletos Zootecnia Zootecnia   09/11/2005 c14   z_A0257 18/01/2022 1 18/01/2022 Folleto 3  
        Folletos Zootecnia Zootecnia   09/11/2005 c14 1 z_A0258 17/11/2023 2 18/01/2022 Folleto 3 17/11/2023